000 004580000a22001930004500
001 002863
003 MACL
005 20150910125146.0
008 150910b xxu||||| |||| 00| 0 eng d
040 _aMACL
_cMACL
041 _aEnglish
082 _a821/JAY
100 _aJayadeva's,
_99829
245 _aGitagovinda
_cJayadeva's
260 _aDelhi
_c2007
_bShubhi Publications,
350 _a295
650 _aEnglish Poetry
_96237
942 _k821
_cBK
_2ddc
999 _c14771
_d14771